| 000 | 00867nam a2200229 a 4500 | ||
|---|---|---|---|
| 001 | BRCA_389 | ||
| 005 | 20190320203003.0 | ||
| 008 | 740208s1974 nyua bc 001 0 eng | ||
| 020 | _a0870990896 | ||
| 040 |
_aDLC _cDLC _dDLC |
||
| 050 | 4 |
_aNK4565.5 _b.L43 1974 |
|
| 100 | 1 |
_aLe Corbeiller, Clare _91311 |
|
| 245 | 1 | 0 |
_aChina trade porcelain: patterns of exchange _badditions to the Helena Woolworth McCann Collection in the Metropolitan Museum of Art _cForeword by John Goldsmith Phillips |
| 260 |
_a[Nueva York] _bThe Metropolitan Museum of Art _c[1974] |
||
| 300 |
_a134 p. _bils. (algunas a color) _c28 cm. |
||
| 500 | _aIncluye índice. | ||
| 504 | _aIncluye referencias bibliográficas | ||
| 600 | 1 | 4 |
_aMcCann, Helena Woolworth _xColecciones de arte _91312 |
| 650 | 1 | 4 |
_aPorcelana china _91313 |
| 700 | 1 |
_aGoldsmith Philips, Jhon. _eComercio _91314 |
|
| 942 |
_2lcc _cB |
||
| 999 |
_c324 _d324 |
||